Library of the University of Algiers 3
Ibrahim Sultan Cheibout
شعار جامعة الجزائر 3
مكتبة جامعة الجزائر 3
إبراهيم سلطان شيبوط

التنظيم الدولي / (رقم التسجيلة. 42487)

تفاصيل مارك
000 -LEADER
fixed length control field 01729nam a2200229Ia 4500
003 - CONTROL NUMBER IDENTIFIER
control field Ost
005 - DATE AND TIME OF LATEST TRANSACTION
control field 20260507075039.0
008 - FIXED-LENGTH DATA ELEMENTS--GENERAL INFORMATION
fixed length control field 260507s9999||||xx |||||||||||||| ||und||
040 ## - CATALOGING SOURCE
Transcribing agency fsecg
041 ## - LANGUAGE CODE
Language code of text/sound track or separate title ara
082 ## - DEWEY DECIMAL CLASSIFICATION NUMBER
Classification number 330
100 ## - MAIN ENTRY--PERSONAL NAME
Personal name عبد الحميد، محمد سامي
Relator term مؤلف
245 #0 - TITLE STATEMENT
Title التنظيم الدولي /
Statement of responsibility, etc. محمد سامي عبد الحميد
260 ## - PUBLICATION, DISTRIBUTION, ETC.
Place of publication, distribution, etc. الاسكندرية:
Name of publisher, distributor, etc. دار المطبوعات الجامعية,
Date of publication, distribution, etc. 2002
300 ## - PHYSICAL DESCRIPTION
Extent 544 صفحة؛
Dimensions 24 سم
504 ## - BIBLIOGRAPHY, ETC. NOTE
Bibliography, etc. note ببلوغرافيا ص.7
520 ## - SUMMARY, ETC.
Summary, etc. الجزء الأول يحتوي: لدراسة القانون الدولي العام،في التعريف بالقانون الدولي العام وبيان خصائصه الرئيسية،في نشاة القانون الدولي العام وتطوره،صناعة البحث في القانون الدولي العام،الجماعة الدولية،أنواع الدول من حيث الطبيعة القانونية لكيانها الذاتي،الوضع ا لقانوني للدولة كعضو في المجتمع الدولي،أنواع الدول من حيث مدى إسهام كل منها في شئون المجتمع الدولي،النظرية العامة للمنظمة الدولية، هيكل المنظمة الدولية الجزء الثاني يحتوي:ميثاق الأمم المتحدة،ميثاق الأمم المتحدة،بنيان الأمم المتحدة،الوسائل القانونية لممارسة نشاط الأمم المتحدة
653 ## - INDEX TERM--UNCONTROLLED
Uncontrolled term القانون الدولي
653 ## - INDEX TERM--UNCONTROLLED
Uncontrolled term المنظمات الدولية
700 ## - ADDED ENTRY--PERSONAL NAME
Personal name الرقاق، محمد السعيد
Relator term مؤلف ثانوي
942 ## - ADDED ENTRY ELEMENTS (KOHA)
Koha item type كتب
المقتنيات
Withdrawn status Lost status Source of classification or shelving scheme Damaged status Not for loan Home library Current library Date acquired Serial enumeration / chronology Inventory number Total checkouts Full call number Barcode Date last seen Price effective from Koha item type
    Dewey Decimal Classification   NOT LOAN / إعارة داخلية مكتبة كلية العلوم الإقتصادية والعلوم التجارية وعلوم التسيير مكتبة كلية العلوم الإقتصادية والعلوم التجارية وعلوم التسيير 07/05/2026 الطابق الأرضي 333/1   أ/333ن1 333/1 07/05/2026 07/05/2026 كتب
    Dewey Decimal Classification   Available مكتبة كلية العلوم الإقتصادية والعلوم التجارية وعلوم التسيير مكتبة كلية العلوم الإقتصادية والعلوم التجارية وعلوم التسيير 07/05/2026 الطابق الأرضي 333/2   أ/333ن2 333/2 07/05/2026 07/05/2026 كتب
    Dewey Decimal Classification   Available مكتبة كلية العلوم الإقتصادية والعلوم التجارية وعلوم التسيير مكتبة كلية العلوم الإقتصادية والعلوم التجارية وعلوم التسيير 07/05/2026 الطابق الأرضي 333/3   أ/333ن3 333/3 07/05/2026 07/05/2026 كتب
    Dewey Decimal Classification   Available مكتبة كلية العلوم الإقتصادية والعلوم التجارية وعلوم التسيير مكتبة كلية العلوم الإقتصادية والعلوم التجارية وعلوم التسيير 07/05/2026 الطابق الثاني 333/4   أ/333ن4 333/4 07/05/2026 07/05/2026 كتب
    Dewey Decimal Classification   Available مكتبة كلية العلوم الإقتصادية والعلوم التجارية وعلوم التسيير مكتبة كلية العلوم الإقتصادية والعلوم التجارية وعلوم التسيير 07/05/2026 الطابق الثاني 333/5   أ/333ن5 333/5 07/05/2026 07/05/2026 كتب

موارد الويب المفتوحة


© University of Algiers 3 All Rights Reserved
|
Implemented by LECHELAH Riad